1000 Most Famous People (MIT Pantheon) - Statistics

General Stats
  • This quiz has been taken 10,139 times
  • The average score is 176 of 1000
Answer Stats
# Lifespan POB Occup. Name % Correct
12 4 BC-33 Israel Religious Figure Jesus
94%
13 1889-1945 Austria Politician Adolf Hitler
92%
1 570-632 Saudi Arabia Religious Figure Muhammad
91%
3 1452-1519 Italy Inventor Leonardo da Vinci
89%
2 1162-1227 Mongolia Military Personnel Genghis Khan
88%
5 1770-1827 Germany Composer Ludwig van Beethoven
88%
17 1946-- United States Politician Donald Trump
85%
10 1756-1791 Austria Composer Wolfgang Amadeus Mozart
85%
8 1769-1821 France Politician Napoleon
83%
23 1451-1506 Italy Explorer Christopher Columbus
82%
4 1643-1726 United Kingdom Physicist Isaac Newton
82%
19 1879-1955 Germany Physicist Albert Einstein
80%
6 356 BC-323 BC Greece Military Personnel Alexander the Great
79%
9 100 BC-44 BC Italy Politician Julius Caesar
79%
543 701-762 Kyrgyzstan Writer Li Bai
79%
526 1431-1503 Spain Religious Figure Pope Alexander VI
79%
11 427 BC-347 BC Greece Philosopher Plato
78%
14 1564-1642 Italy Astronomer Galileo Galilei
77%
407 1732-1799 United States Politician George Washington
77%
16 470 BC-399 BC Greece Philosopher Socrates
77%
391 6-100 Israel Religious Figure John the Apostle
76%
45 1879-1953 Georgia Politician Joseph Stalin
76%
565 1881-1963 Italy Religious Figure Pope John XXIII
76%
89 20 BC-31 Israel Religious Figure John the Baptist
75%
7 384 BC-321 BC Greece Philosopher Aristotle
74%
791 1811-1832 France Politician Napoleon II
74%
275 1808-1873 France Politician Napoleon III
74%
21 1564-1616 United Kingdom Writer William Shakespeare
74%
18 1685-1750 Germany Composer Johann Sebastian Bach
73%
20 1475-1564 Italy Painter Michelangelo
73%
126 1809-1865 United States Politician Abraham Lincoln
72%
64 1869-1948 India Social Activist Mahatma Gandhi
72%
22 1483-1546 Germany Religious Figure Martin Luther
72%
29 1853-1890 Netherlands Painter Vincent van Gogh
71%
899 1893-1972 China Martial Arts Ip Man
69%
618 1890-1969 Vietnam Politician Ho Chi Minh
68%
518 1929-1968 United States Social Activist Martin Luther King Jr.
68%
47 1870-1924 Russia Politician Vladimir Lenin
68%
106 1874-1965 United Kingdom Politician Winston Churchill
68%
68 1942-2016 United States Boxer Muhammad Ali
67%
53 1881-1973 Spain Painter Pablo Picasso
67%
382 69 BC-30 BC Egypt Politician Cleopatra
66%
196 1917-1963 United States Politician John F. Kennedy
66%
38 18 BC-35 Israel Religious Figure Mary, mother of Jesus
65%
278 1882-1945 United States Politician Franklin D. Roosevelt
64%
60 1918-2013 South Africa Social Activist Nelson Mandela
64%
27 1856-1939 Czechia Psychologist Sigmund Freud
64%
98 1883-1945 Italy Politician Benito Mussolini
63%
61 748-814 France Politician Charlemagne
63%
79 1867-1934 Poland Physicist Marie Curie
63%
743 1924-2018 United States Politician George H. W. Bush
62%
665 1946-- United States Politician George W. Bush
62%
44 1743-1826 United States Politician Thomas Jefferson
62%
225 601-661 Saudi Arabia Religious Figure Ali
61%
32 566 BC-452 BC Nepal Philosopher Gautama Buddha
61%
908 624-670 Saudi Arabia Religious Figure Hasan ibn Ali
61%
507 626-680 Saudi Arabia Religious Figure Husayn ibn Ali
61%
109 1893-1976 China Politician Mao Zedong
61%
15 1254-1324 Italy Explorer Marco Polo
61%
346 1958-2009 United States Musician Michael Jackson
61%
928 1858-1919 United States Politician Theodore Roosevelt
61%
46 1847-1931 United States Inventor Thomas Edison
61%
36 1809-1882 United Kingdom Biologist Charles Darwin
60%
375 1884-1962 United States Social Activist Eleanor Roosevelt
60%
33 1928-1967 Argentina Social Activist Che Guevara
59%
28 551 BC-479 BC China Philosopher Confucius
59%
206 1952-- Russia Politician Vladimir Putin
59%
37 1818-1883 Germany Economist Karl Marx
58%
56 1856-1943 Croatia Inventor Nikola Tesla
58%
24 1393 BC-1273 BC Egypt Religious Figure Moses
57%
802 1947-- United States Writer Stephen King
57%
286 1929-1945 Germany Writer Anne Frank
56%
172 1925-1965 United States Social Activist Malcolm X
56%
144 1940-- Brazil Soccer Player Pelé
56%
253 1911-2004 United States Politician Ronald Reagan
56%
35 63 BC-14 Italy Politician Augustus
55%
202 1947-- United States Politician Hillary Clinton
55%
884 1929-1994 United States Companion Jacqueline Kennedy Onassis
55%
113 1341 BC-1323 BC Egypt Politician Tutankhamun
55%
66 1723-1790 United Kingdom Economist Adam Smith
54%
129 1926-1962 United States Actor Marilyn Monroe
54%
208 1930-2012 United States Astronaut Neil Armstrong
54%
59 1936-- Argentina Religious Figure Pope Francis
54%
623 1207-1255 Mongolia Politician Batu Khan
53%
820 1217-1265 Mongolia Politician Hulagu Khan
53%
855 1942-- United States Politician Joe Biden
53%
30 1473-1543 Poland Astronomer Nicolaus Copernicus
53%
801 1468-1549 Italy Religious Figure Pope Paul III
53%
765 1897-1978 Italy Religious Figure Pope Paul VI
53%
41 1 BC-67 Israel Religious Figure Saint Peter
53%
874 823-877 Germany Politician Charles the Bald
52%
586 1901-1971 United States Musician Louis Armstrong
52%
54 5-66 Turkey Religious Figure Paul the Apostle
52%
465 1863-1947 United States Inventor Henry Ford
51%
190 1672-1725 Russia Politician Peter the Great
51%
176 1935-1977 United States Singer Elvis Presley
50%
857 1475-1521 Italy Religious Figure Pope Leo X
50%
756 1810-1903 Italy Religious Figure Pope Leo XIII
50%
240 1706-1790 United States Politician Benjamin Franklin
49%
197 1926-2016 Cuba Politician Fidel Castro
49%
80 1924-- United States Politician Jimmy Carter
49%
49 1412-1431 France Military Personnel Joan of Arc
49%
31 1480-1521 Portugal Explorer Ferdinand Magellan
48%
328 1369-1415 Czechia Social Activist Jan Hus
48%
50 1460-1524 Portugal Explorer Vasco da Gama
48%
26 1813 BC-1638 BC Iraq Religious Figure Abraham
47%
97 1828-1910 Russia Writer Leo Tolstoy
47%
554 1913-1994 United States Politician Richard Nixon
47%
795 1533-1584 Germany Politician William the Silent
47%
183 1010 BC-970 BC Palestine Politician David
46%
284 1940-1980 United Kingdom Musician John Lennon
46%
135 37-68 Italy Politician Nero
46%
587 1748-1825 France Painter Jacques-Louis David
45%
55 1483-1520 Italy Painter Raphael
45%
257 1940-1973 United States Actor Bruce Lee
44%
696 1890-1969 United States Politician Dwight D. Eisenhower
44%
426 1941-2011 Russia Politician Kim Jong-il
44%
314 1925-2013 United Kingdom Politician Margaret Thatcher
44%
234 100 BC-100 Israel Religious Figure Saint Joseph
44%
245 1912-1994 North Korea Politician Kim Il-sung
43%
132 1931-- Russia Politician Mikhail Gorbachev
43%
100 570 BC-495 BC Greece Philosopher Pythagoras
43%
70 1606-1669 Netherlands Painter Rembrandt
43%
155 280-303 Turkey Religious Figure Saint George
43%
84 1904-1989 Spain Painter Salvador Dalí
43%
677 1884-1972 United States Politician Harry S. Truman
42%
352 1-44 Israel Religious Figure James, son of Zebedee
42%
370 1912-1978 Italy Religious Figure Pope John Paul I
42%
128 1920-2005 Poland Religious Figure Pope John Paul II
42%
177 1945-1981 Jamaica Musician Bob Marley
41%
226 1812-1870 United Kingdom Writer Charles Dickens
41%
116 1840-1926 France Painter Claude Monet
41%
105 1907-1954 Mexico Painter Frida Kahlo
41%
52 800 BC-750 BC Turkey Writer Homer
41%
804 1566-1625 United Kingdom Politician James VI and I
41%
118 1822-1885 United States Politician Ulysses S. Grant
41%
25 287 BC-212 BC Italy Mathematician Archimedes
40%
142 1755-1793 Austria Nobility Marie Antoinette
40%
227 1937-2006 Iraq Politician Saddam Hussein
40%
231 1890-1970 France Military Personnel Charles de Gaulle
39%
62 1844-1900 Germany Philosopher Friedrich Nietzsche
39%
678 1954-- Hong Kong Actor Jackie Chan
39%
51 1394-1468 Germany Inventor Johannes Gutenberg
39%
82 1889-1977 United Kingdom Actor Charlie Chaplin
38%
67 1821-1881 Russia Writer Fyodor Dostoevsky
38%
39 1724-1804 Russia Philosopher Immanuel Kant
38%
209 1946-- United States Film Director Steven Spielberg
38%
298 1745-1827 Italy Physicist Alessandro Volta
37%
252 1892-1975 Spain Politician Francisco Franco
37%
420 83 BC-30 BC Italy Politician Mark Antony
37%
158 1840-1893 Russia Composer Pyotr Ilyich Tchaikovsky
37%
58 1678-1741 Italy Composer Antonio Vivaldi
36%
42 1265-1321 Italy Writer Dante Alighieri
36%
65 1810-1849 Poland Composer Frédéric Chopin
36%
393 1901-1989 Japan Politician Hirohito
36%
357 1910-1997 North Macedonia Social Activist Mother Teresa
36%
327 1885-1962 Denmark Physicist Niels Bohr
36%
108 1815-1898 Germany Politician Otto von Bismarck
36%
784 1942-- United Kingdom Musician Paul McCartney
36%
179 1303 BC-1213 BC Israel Nobility Ramesses II
36%
43 1596-1650 France Philosopher René Descartes
36%
277 1847-1922 United Kingdom Inventor Alexander Graham Bell
35%
365 1955-- United States Businessperson Bill Gates
35%
292 1822-1884 Czechia Biologist Gregor Mendel
35%
865 10-68 Libya Religious Figure Mark the Evangelist
35%
241 1835-1910 United States Writer Mark Twain
35%
297 1762-1796 Poland Nobility Catherine the Great
34%
96 247 BC-183 BC Tunisia Politician Hannibal
34%
272 1728-1779 United Kingdom Explorer James Cook
34%
69 1881-1938 Greece Politician Mustafa Kemal Atatürk
34%
117 1942-2018 United Kingdom Physicist Stephen Hawking
34%
148 1934-1968 Russia Astronaut Yuri Gagarin
34%
341 1869-1916 Russia Occultist Grigori Rasputin
33%
170 50-30 - Religious Figure Judas Iscariot
33%
764 316-397 Hungary Religious Figure Martin of Tours
33%
77 1694-1778 France Writer Voltaire
33%
320 1386-1466 Italy Painter Donatello
32%
215 1899-1961 United States Writer Ernest Hemingway
32%
115 1813-1883 Germany Composer Richard Wagner
32%
998 1913-2005 United States Social Activist Rosa Parks
32%
107 1833-1896 Sweden Chemist Alfred Nobel
31%
384 73 BC-3 BC Israel Politician Herod the Great
31%
611 1599-1658 United Kingdom Politician Oliver Cromwell
31%
347 270-342 Turkey Religious Figure Saint Nicholas
31%
449 1954-- Germany Politician Angela Merkel
30%
74 1805-1875 Denmark Writer Hans Christian Andersen
30%
421 1775-1817 United Kingdom Writer Jane Austen
30%
607 1897-1945 Germany Politician Joseph Goebbels
30%
73 1469-1527 Italy Philosopher Niccolò Machiavelli
30%
193 1454-1512 Italy Explorer Amerigo Vespucci
29%
269 1501-1536 United Kingdom Companion Anne Boleyn
29%
316 1900-1945 Germany Politician Heinrich Himmler
29%
256 1530-1584 Russia Politician Ivan the Terrible
29%
86 1822-1895 France Chemist Louis Pasteur
29%
548 1783-1830 Venezuela Politician Simón Bolívar
29%
182 1011 BC-931 BC Israel Religious Figure Solomon
29%
161 1955-2011 United States Designer Steve Jobs
29%
506 1-72 Israel Religious Figure Thomas the Apostle
29%
200 12-41 Italy Politician Caligula
28%
81 272-337 Serbia Politician Constantine the Great
28%
239 1820-1895 Germany Philosopher Friedrich Engels
28%
317 604 BC-600 BC China Philosopher Laozi
28%
99 1802-1885 France Writer Victor Hugo
28%
389 1883-1971 France Fashion Designer Coco Chanel
27%
110 1809-1849 United States Writer Edgar Allan Poe
27%
390 1832-1883 France Painter Édouard Manet
27%
841 1932-2011 United Kingdom Actor Elizabeth Taylor
27%
63 1749-1832 Germany Writer Johann Wolfgang von Goethe
27%
198 1879-1940 Ukraine Politician Leon Trotsky
27%
672 1758-1794 France Politician Maximilien Robespierre
27%
262 1894-1971 Russia Politician Nikita Khrushchev
27%
276 1927-- Germany Religious Figure Pope Benedict XVI
27%
204 1431-1476 Romania Inspiration Vlad the Impaler
27%
254 1899-1980 United Kingdom Film Director Alfred Hitchcock
26%
40 1926-- United Kingdom Nobility Elizabeth II of the United Kingdom
26%
919 1915-1998 United States Singer Frank Sinatra
26%
166 1946-1991 Tanzania Musician Freddie Mercury
26%
92 1632-1704 United Kingdom Philosopher John Locke
26%
731 31-84 Turkey Religious Figure Luke the Evangelist
26%
157 121-180 Italy Politician Marcus Aurelius
26%
831 1854-1922 Italy Religious Figure Pope Benedict XV
26%
383 543 BC-495 BC China Philosopher Sun Tzu
26%
547 1866-1925 China Politician Sun Yat-sen
26%
90 406-453 Hungary Politician Attila
25%
536 1540-1596 United Kingdom Explorer Francis Drake
25%
91 1883-1924 Austria Writer Franz Kafka
25%
270 1485-1547 Spain Explorer Hernán Cortés
25%
111 1736-1819 United Kingdom Inventor James Watt
25%
57 1712-1778 Switzerland Philosopher Jean-Jacques Rousseau
25%
662 1839-1937 United States Businessperson John D. Rockefeller
25%
613 1925-1998 Cambodia Politician Pol Pot
25%
463 1943-- United States Actor Robert De Niro
25%
610 100 BC-100 Israel Religious Figure Saint Anne
25%
243 1912-1954 United Kingdom Computer Scientist Alan Turing
24%
348 1931-2007 Russia Politician Boris Yeltsin
24%
76 1533-1603 United Kingdom Politician Elizabeth I of England
24%
242 350 BC-240 BC Egypt Mathematician Euclid
24%
122 1685-1759 Germany Composer George Frideric Handel
24%
103 1813-1901 Italy Composer Giuseppe Verdi
24%
248 1833-1897 Germany Composer Johannes Brahms
24%
199 1892-1980 Croatia Politician Josip Broz Tito
24%
71 1892-1973 South Africa Writer J. R. R. Tolkien
24%
411 1924-2004 United States Actor Marlon Brando
24%
385 1942-2011 Libya Politician Muammar Gaddafi
24%
102 ~2000 BC Iran Religious Figure Zoroaster
24%
535 480-543 Italy Religious Figure Benedict of Nursia
23%
175 1863-1944 Norway Painter Edvard Munch
23%
236 1811-1886 Austria Musician Franz Liszt
23%
75 484 BC-425 BC Turkey Historian Herodotus
23%
87 460 BC-370 BC Greece Physician Hippocrates
23%
440 1900 BC-- Israel Religious Figure Isaac
23%
134 1653 BC-1506 BC - Religious Figure Jacob
23%
947 1931-1955 United States Actor James Dean
23%
342 1854-1900 Ireland Writer Oscar Wilde
23%
403 1935-- China Religious Figure 14th Dalai Lama
22%
147 1913-1960 Algeria Writer Albert Camus
22%
293 1881-1955 United Kingdom Biologist Alexander Fleming
22%
364 1940-- United States Actor Al Pacino
22%
280 1875-1961 Switzerland Psychologist Carl Jung
22%
173 1834-1907 Russia Chemist Dmitri Mendeleev
22%
366 1891-1944 Germany Military Personnel Erwin Rommel
22%
180 1491-1547 United Kingdom Nobility Henry VIII of England
22%
409 1451-1504 Spain Politician Isabella I of Castile
22%
218 1509-1564 France Religious Figure John Calvin
22%
34 1638-1715 France Politician Louis XIV of France
22%
799 1951-2014 United States Comedian Robin Williams
22%
624 1863-1914 Austria Nobility Archduke Franz Ferdinand of Austria
21%
577 1947-- Austria Actor Arnold Schwarzenegger
21%
119 106 BC-43 BC Italy Politician Cicero
21%
287 1903-1950 India Writer George Orwell
21%
372 1906-1982 Ukraine Politician Leonid Brezhnev
21%
140 1754-1793 France Politician Louis XVI of France
21%
331 1949-1993 Colombia Mafioso Pablo Escobar
21%
627 1443-1513 Italy Religious Figure Pope Julius II
21%
283 1901-1966 United States Producer Walt Disney
21%
378 1859-1941 Germany Politician Wilhelm II, German Emperor
21%
682 1797-1888 Germany Politician William I, German Emperor
21%
582 1899-1947 United States Mafioso Al Capone
20%
456 1928-1987 United States Artist Andy Warhol
20%
93 1561-1626 United Kingdom Philosopher Francis Bacon
20%
562 1478-1541 Spain Explorer Francisco Pizarro
20%
335 76-138 Spain Politician Hadrian
20%
519 1893-1946 Germany Politician Hermann Göring
20%
168 1905-1980 France Writer Jean-Paul Sartre
20%
962 1804-1849 Austria Composer Johann Strauss I
20%
654 1825-1899 Austria Composer Johann Strauss II
20%
154 1400 BC-1330 BC Egypt Companion Nefertiti
20%
858 1864-1949 Germany Composer Richard Strauss
20%
313 1802-1870 France Writer Alexandre Dumas
19%
318 6 BC-70 Israel Religious Figure Andrew the Apostle
19%
413 1929-1993 Belgium Actor Audrey Hepburn
19%
646 1882-1941 Ireland Writer James Joyce
19%
349 1571-1630 Germany Astronomer Johannes Kepler
19%
188 1632-1675 Netherlands Painter Johannes Vermeer
19%
95 1732-1809 Austria Composer Joseph Haydn
19%
652 540 BC-480 BC Greece Politician Leonidas I
19%
250 1449-1492 Italy Politician Lorenzo de' Medici
19%
300 1710-1774 France Politician Louis XV of France
19%
244 1547-1616 Spain Writer Miguel de Cervantes
19%
945 1405-1464 Italy Religious Figure Pope Pius II
19%
959 1439-1503 Italy Religious Figure Pope Pius III
19%
669 1792-1878 Italy Religious Figure Pope Pius IX
19%
966 1742-1823 Italy Religious Figure Pope Pius VII
19%
800 1835-1914 Italy Religious Figure Pope Pius X
19%
645 1857-1939 Italy Religious Figure Pope Pius XI
19%
392 1876-1958 Italy Religious Figure Pope Pius XII
19%
836 1642-1691 Turkey Politician Suleiman II
19%
94 1494-1566 Turkey Politician Suleiman the Magnificent
19%
502 1478-1535 United Kingdom Philosopher Thomas More
19%
398 519 BC-475 BC Iran Politician Xerxes I
19%
969 1824-1895 France Writer Alexandre Dumas fils
18%
203 1852-1926 Spain Architect Antoni Gaudí
18%
626 85 BC-42 BC Italy Politician Brutus the Younger
18%
388 1519-1589 Italy Companion Catherine de' Medici
18%
351 1930-- United States Actor Clint Eastwood
18%
195 1746-1828 Spain Painter Francisco Goya
18%
758 1712-1786 Germany Politician Frederick the Great
18%
355 1896-1940 United States Writer F. Scott Fitzgerald
18%
778 1457-1509 United Kingdom Politician Henry VII of England
18%
459 1386-1422 United Kingdom Politician Henry V of England
18%
304 1795-1849 United States Politician James K. Polk
18%
638 1667-1745 Ireland Writer Jonathan Swift
18%
564 1215-1294 China Politician Kublai Khan
18%
742 1214-1270 France Politician Louis IX of France
18%
464 1601-1643 France Politician Louis XIII of France
18%
879 1462-1515 France Politician Louis XII of France
18%
826 1755-1824 France Politician Louis XVIII of France
18%
965 1785-1795 France Politician Louis XVII of France
18%
271 1942-- United States Film Director Martin Scorsese
18%
633 1042-1099 France Religious Figure Pope Urban II
18%
164 100-170 Egypt Astronomer Ptolemy
18%
78 1138-1193 Iraq Politician Saladin
18%
235 1445-1510 Italy Painter Sandro Botticelli
18%
336 42 BC-37 Italy Politician Tiberius
18%
201 1890-1976 United Kingdom Writer Agatha Christie
17%
814 86-161 Italy Politician Antoninus Pius
17%
88 354-430 Algeria Philosopher Augustine of Hippo
17%
402 10 BC-54 France Politician Claudius
17%
130 1797-1828 Austria Composer Franz Schubert
17%
112 1770-1831 Germany Philosopher Georg Wilhelm Friedrich Hegel
17%
973 1942-1970 United States Musician Jimi Hendrix
17%
588 1916-2020 United States Actor Kirk Douglas
17%
185 1707-1783 Switzerland Mathematician Leonhard Euler
17%
783 1797-1851 United Kingdom Writer Mary Shelley
17%
931 367 BC-283 BC Egypt Military Personnel Ptolemy I Soter
17%
631 1902-1989 Iran Religious Figure Ruhollah Khomeini
17%
592 1-36 Israel Religious Figure Saint Stephen
17%
447 1079 BC-1010 BC Palestine Religious Figure Saul
17%
101 1225-1274 Italy Philosopher Thomas Aquinas
17%
321 1875-1955 Germany Writer Thomas Mann
17%
160 70 BC-19 BC Italy Writer Virgil
17%
794 1935-- United States Film Director Woody Allen
17%
930 1922-1995 Israel Politician Yitzhak Rabin
17%
601 1915-2006 Chile Politician Augusto Pinochet
16%
83 1623-1662 France Mathematician Blaise Pascal
16%
967 1941-- United States Musician Bob Dylan
16%
474 1887-1975 China Military Personnel Chiang Kai-shek
16%
567 1874-1937 Italy Inventor Guglielmo Marconi
16%
650 1806-1873 United Kingdom Economist John Stuart Mill
16%
145 1503-1566 France Occultist Nostradamus
16%
123 1577-1640 Germany Painter Peter Paul Rubens
16%
237 12 BC-38 Italy Politician Pontius Pilate
16%
766 1160-1216 Italy Religious Figure Pope Innocent III
16%
149 1588-1679 United Kingdom Philosopher Thomas Hobbes
16%
400 1862-1918 France Composer Claude Debussy
15%
640 600 BC-530 BC Iran Politician Cyrus the Great
15%
360 1820-1910 Italy Physician Florence Nightingale
15%
371 1927-2014 Colombia Writer Gabriel García Márquez
15%
323 1883-1946 United Kingdom Economist John Maynard Keynes
15%
153 482-565 North Macedonia Politician Justinian I
15%
189 1782-1862 United States Politician Martin Van Buren
15%
439 1928-1999 United States Film Director Stanley Kubrick
15%
989 1939-- United States Singer Tina Turner
15%
632 1882-1941 United Kingdom Writer Virginia Woolf
15%
470 1270-1305 United Kingdom Military Personnel William Wallace
15%
493 849-899 United Kingdom Politician Alfred the Great
14%
181 1860-1904 Russia Writer Anton Chekhov
14%
566 380 BC-330 BC Iran Politician Darius III
14%
340 550 BC-486 BC Georgia Politician Darius the Great
14%
299 1915-1963 France Singer Édith Piaf
14%
356 1541-1614 Greece Painter El Greco
14%
444 1871-1937 New Zealand Physicist Ernest Rutherford
14%
397 1858-1924 Italy Composer Giacomo Puccini
14%
296 1862-1918 Austria Painter Gustav Klimt
14%
219 1923-- Germany Politician Henry Kissinger
14%
401 1882-1971 Russia Composer Igor Stravinsky
14%
609 1937-- United States Actor Jack Nicholson
14%
932 1527-1608 United Kingdom Occultist John Dee
14%
137 1828-1905 France Writer Jules Verne
14%
500 1788-1824 United Kingdom Writer Lord Byron
14%
310 10 BC-100 Israel Religious Figure Mary Magdalene
14%
165 1791-1867 United Kingdom Physicist Michael Faraday
14%
207 43 BC-17 Italy Writer Ovid
14%
249 1848-1903 France Painter Paul Gauguin
14%
387 1841-1919 France Painter Pierre-Auguste Renoir
14%
251 1595-1617 United States Diplomat Pocahontas
14%
186 1452-1485 United Kingdom Politician Richard III of England
14%
305 1872-1928 Norway Explorer Roald Amundsen
14%
782 1894-1987 Egypt Politician Rudolf Hess
14%
150 497 BC-406 BC Greece Writer Sophocles
14%
114 109 BC-71 BC Greece Military Personnel Spartacus
14%
151 1946-- United States Actor Sylvester Stallone
14%
85 1336-1405 Uzbekistan Military Personnel Timur
14%
216 53-117 Spain Politician Trajan
14%
417 1929-2004 Egypt Politician Yasser Arafat
14%
104 1471-1528 Germany Painter Albrecht Dürer
13%
295 1859-1930 United Kingdom Writer Arthur Conan Doyle
13%
443 1840-1917 France Sculptor Auguste Rodin
13%
152 1571-1610 Italy Painter Caravaggio
13%
124 1777-1855 Germany Mathematician Carl Friedrich Gauss
13%
72 1707-1778 Sweden Biologist Carl Linnaeus
13%
359 1902-1974 United States Pilot Charles Lindbergh
13%
733 690 BC-600 BC Israel Religious Figure Daniel
13%
263 1599-1660 Spain Painter Diego Velázquez
13%
485 1834-1917 France Painter Edgar Degas
13%
844 1901-1954 Italy Physicist Enrico Fermi
13%
721 1912-1945 Germany Companion Eva Braun
13%
217 1810 BC-1750 BC Iraq Politician Hammurabi
13%
289 1869-1954 France Painter Henri Matisse
13%
617 1908-1997 United States Actor James Stewart
13%
937 1903-1957 Hungary Mathematician John von Neumann
13%
265 1858-1947 Germany Physicist Max Planck
13%
869 1386-1421 Turkey Politician Mehmed I
13%
533 1566-1603 Turkey Politician Mehmed III
13%
668 1642-1693 Turkey Politician Mehmed IV
13%
294 1432-1481 Turkey Politician Mehmed the Conqueror
13%
891 1861-1926 Turkey Politician Mehmed VI
13%
513 1937-- United States Actor Morgan Freeman
13%
167 494 BC-429 BC Greece Politician Pericles
13%
477 540-604 Italy Religious Figure Pope Gregory I
13%
694 1020-1085 Italy Religious Figure Pope Gregory VII
13%
691 1502-1585 Italy Religious Figure Pope Gregory XIII
13%
997 1765-1846 Italy Religious Figure Pope Gregory XVI
13%
259 1157-1199 United Kingdom Politician Richard I of England
13%
354 1908-1986 France Writer Simone de Beauvoir
13%
934 1939-- Italy Actor Terence Hill
13%
171 620 BC-564 BC Bulgaria Writer Aesop
12%
191 1799-1837 Russia Writer Alexander Pushkin
12%
315 1711-1776 United Kingdom Philosopher David Hume
12%
546 1904-1997 China Politician Deng Xiaoping
12%
904 1312-1377 United Kingdom Politician Edward III of England
12%
905 1239-1307 United Kingdom Politician Edward I of England
12%
724 1537-1553 United Kingdom Politician Edward VI of England
12%
987 1470-1483 United Kingdom Politician Edward V of England
12%
433 1809-1847 Germany Composer Felix Mendelssohn
12%
892 1804-1876 France Writer George Sand
12%
369 1807-1882 France Politician Giuseppe Garibaldi
12%
273 1828-1906 Norway Writer Henrik Ibsen
12%
418 1450-1516 Netherlands Painter Hieronymus Bosch
12%
600 1918-2007 Sweden Film Director Ingmar Bergman
12%
492 1943-1970 United States Singer Janis Joplin
12%
496 1844-1929 Germany Inventor Karl Benz
12%
850 1943-- Poland Politician Lech Wałęsa
12%
138 1622-1673 France Writer Molière
12%
255 1839-1906 France Painter Paul Cézanne
12%
178 258 BC-210 BC China Politician Qin Shi Huang
12%
991 225-258 Spain Religious Figure Saint Lawrence
12%
503 1930-2020 United Kingdom Actor Sean Connery
12%
345 1813-1855 Denmark Philosopher Søren Kierkegaard
12%
729 1931-2019 United States Writer Toni Morrison
12%
590 1930-- United States Businessperson Warren Buffett
12%
532 1901-1976 Germany Physicist Werner Heisenberg
12%
221 1396 BC-1274 BC Jordan Religious Figure Aaron
11%
508 1910-1998 Japan Film Director Akira Kurosawa
11%
311 1743-1794 France Chemist Antoine Lavoisier
11%
751 1918-1981 Egypt Politician Anwar Sadat
11%
143 1788-1860 Poland Philosopher Arthur Schopenhauer
11%
374 1946-- United States Singer Cher
11%
120 161-192 Italy Politician Commodus
11%
291 1843-1907 Norway Composer Edvard Grieg
11%
174 1000 BC-900 BC Israel Religious Figure Elijah
11%
261 1840-1902 France Writer Émile Zola
11%
211 1466-1536 Netherlands Philosopher Erasmus
11%
693 1918-1970 Egypt Politician Gamal Abdel Nasser
11%
146 1646-1716 Germany Mathematician Gottfried Wilhelm Leibniz
11%
790 1880-1968 United States Social Activist Helen Keller
11%
686 1519-1559 France Politician Henry II of France
11%
307 1849-1936 Russia Biologist Ivan Pavlov
11%
469 1838-1865 United States Extremist John Wilkes Booth
11%
488 1355 BC-1245 BC Egypt Religious Figure Joshua
11%
484 1935-2007 Italy Singer Luciano Pavarotti
11%
290 1516-1558 United Kingdom Politician Mary I of England
11%
232 1868-1918 Russia Politician Nicholas II of Russia
11%
988 106 BC-48 BC Italy Politician Pompey
11%
815 1954-- Turkey Politician Recep Tayyip Erdoğan
11%
288 1810-1856 Germany Composer Robert Schumann
11%
824 1873-1943 Russia Composer Sergei Rachmaninoff
11%
337 1488-1576 Italy Painter Titian
11%
703 1948-- United States Politician Al Gore
10%
362 1841-1904 Czechia Composer Antonín Dvořák
10%
48 980-1037 Uzbekistan Philosopher Avicenna
10%
210 1632-1677 Netherlands Philosopher Baruch Spinoza
10%
424 1934-2017 United States Extremist Charles Manson
10%
700 1886-1973 Poland Politician David Ben-Gurion
10%
472 1749-1823 United Kingdom Physician Edward Jenner
10%
704 1887-1961 Austria Physicist Erwin Schrödinger
10%
410 480 BC-406 BC Greece Writer Euripides
10%
432 1792-1868 Italy Composer Gioachino Rossini
10%
246 1860-1911 Czechia Composer Gustav Mahler
10%
863 1570-1606 United Kingdom Social Activist Guy Fawkes
10%
141 1799-1850 France Writer Honoré de Balzac
10%
868 1876-1967 Germany Politician Konrad Adenauer
10%
605 1832-1898 United Kingdom Writer Lewis Carroll
10%
333 1871-1922 France Writer Marcel Proust
10%
334 1662-1694 United Kingdom Politician Mary II of England
10%
581 1876-1917 Netherlands Dancer Mata Hari
10%
133 1689-1755 France Philosopher Montesquieu
10%
422 1809-1852 Ukraine Writer Nikolai Gogol
10%
983 1264-1314 France Religious Figure Pope Clement V
10%
538 1478-1534 Italy Religious Figure Pope Clement VII
10%
656 1925-1984 United Kingdom Actor Richard Burton
10%
521 1100 BC-1010 BC - Religious Figure Samuel
10%
222 4 BC-65 Spain Philosopher Seneca the Younger
10%
759 1936-- Italy Politician Silvio Berlusconi
10%
673 1934-- Italy Actor Sophia Loren
10%
658 41-81 Italy Politician Titus
10%
917 1899-1977 Russia Writer Vladimir Nabokov
10%
431 1866-1944 Russia Painter Wassily Kandinsky
10%
452 1937-- United Kingdom Actor Anthony Hopkins
9%
386 448 BC-386 BC Greece Writer Aristophanes
9%
476 1585-1642 France Politician Cardinal Richelieu
9%
308 404 BC-322 BC Turkey Philosopher Diogenes
9%
745 1906-1975 Russia Composer Dmitri Shostakovich
9%
649 1920-1993 Italy Film Director Federico Fellini
9%
568 1170-1240 Italy Mathematician Fibonacci
9%
595 1494-1547 France Politician Francis I of France
9%
396 1759-1805 Germany Writer Friedrich Schiller
9%
697 1856-1950 Ireland Writer George Bernard Shaw
9%
194 1313-1375 Italy Writer Giovanni Boccaccio
9%
918 1901-1918 Russia Nobility Grand Duchess Anastasia Nikolaevna of Russia
9%
425 1821-1880 France Writer Gustave Flaubert
9%
332 1877-1962 Germany Writer Hermann Hesse
9%
571 2800 BC-2700 BC Egypt Architect Imhotep
9%
358 1395-1441 Belgium Painter Jan van Eyck
9%
890 1865-1957 Finland Composer Jean Sibelius
9%
709 1893-1983 Spain Painter Joan Miró
9%
936 1932-2003 United States Singer Johnny Cash
9%
363 850 BC-810 BC Israel Religious Figure Jonah
9%
771 292-307 Turkey Religious Figure Margaret the Virgin
9%
229 1542-1587 United Kingdom Politician Mary, Queen of Scots
9%
550 1875-1937 France Composer Maurice Ravel
9%
139 1864-1920 Germany Sociologist Max Weber
9%
861 1796-1855 Russia Politician Nicholas I of Russia
9%
570 1847-1934 Poland Politician Paul von Hindenburg
9%
744 1930-2002 United Kingdom Nobility Princess Margaret, Countess of Snowdon
9%
812 1908-1973 Chile Politician Salvador Allende
9%
956 1906-1989 Ireland Writer Samuel Beckett
9%
553 1803 BC-1676 BC Iraq Religious Figure Sarah
9%
184 1845-1923 Germany Physicist Wilhelm Röntgen
9%
438 1906-1962 Germany Military Personnel Adolf Eichmann
8%
707 251-356 Egypt Religious Figure Anthony the Great
8%
212 1900-1944 France Writer Antoine de Saint-Exupéry
8%
442 1872-1970 United Kingdom Mathematician Bertrand Russell
8%
512 1934-- France Actor Brigitte Bardot
8%
770 243 BC-149 BC Italy Writer Cato the Elder
8%
353 1713-1784 France Writer Denis Diderot
8%
233 244-311 Croatia Politician Diocletian
8%
867 1937-- United States Actor Dustin Hoffman
8%
798 621 BC-569 BC Israel Religious Figure Ezekiel
8%
156 1182-1226 Italy Religious Figure Francis of Assisi
8%
692 1894-1918 Bosnia and Herzegovina Extremist Gavrilo Princip
8%
491 1838-1875 France Composer Georges Bizet
8%
787 1864-1901 France Painter Henri de Toulouse-Lautrec
8%
408 1905-1976 United States Businessperson Howard Hughes
8%
205 1850-- - Extremist Jack the Ripper
8%
457 1831-1879 United Kingdom Physicist James Clerk Maxwell
8%
948 1743-1793 Switzerland Social Activist Jean-Paul Marat
8%
644 1947-2016 Netherlands Soccer Player Johan Cruyff
8%
505 1911-1979 Germany Physician Josef Mengele
8%
681 1922-1969 United States Actor Judy Garland
8%
920 1835-1909 Belgium Politician Leopold II of Belgium
8%
445 115 BC-53 BC Italy Politician Marcus Licinius Crassus
8%
319 1889-1976 Germany Philosopher Martin Heidegger
8%
870 1930-- Italy Astronaut Michael Collins
8%
517 1926-1984 France Philosopher Michel Foucault
8%
326 1782-1840 Italy Musician Niccolò Paganini
8%
361 1527-1598 Spain Politician Philip II of Spain
8%
763 23-79 Italy Philosopher Pliny the Elder
8%
637 1898-1967 Belgium Painter René Magritte
8%
489 630 BC-570 BC Greece Writer Sappho
8%
805 235 BC-183 BC Italy Politician Scipio Africanus
8%
772 1891-1953 Ukraine Composer Sergei Prokofiev
8%
213 623 BC-546 BC Turkey Philosopher Thales of Miletus
8%
448 1546-1601 Sweden Astronomer Tycho Brahe
8%
497 1932-2016 Italy Writer Umberto Eco
8%
127 1819-1901 United Kingdom Politician Victoria of the United Kingdom
8%
437 1896-1986 United States Celebrity Wallis Simpson
8%
993 624-705 China Politician Wu Zetian
8%
926 1914-1984 Russia Politician Yuri Andropov
8%
344 1590-1617 Turkey Politician Ahmed I
7%
339 1935-- France Actor Alain Delon
7%
957 1844-1924 France Writer Anatole France
7%
575 1701-1744 Sweden Astronomer Anders Celsius
7%
749 1750-1825 Italy Composer Antonio Salieri
7%
726 1929-2016 Italy Actor Bud Spencer
7%
848 1550-1574 France Politician Charles IX of France
7%
896 1403-1461 France Politician Charles VII of France
7%
789 1757-1836 France Politician Charles X of France
7%
405 1660-1731 United Kingdom Writer Daniel Defoe
7%
285 460 BC-360 BC Greece Philosopher Democritus
7%
159 341 BC-269 BC Greece Philosopher Epicurus
7%
399 1798-1863 France Painter Eugène Delacroix
7%
984 1930-- Hungary Businessperson George Soros
7%
684 1789-1854 Germany Physicist Georg Ohm
7%
136 1548-1600 Italy Astronomer Giordano Bruno
7%
594 1267-1337 Italy Painter Giotto
7%
309 1553-1610 France Politician Henry IV of France
7%
859 1820-1903 United Kingdom Philosopher Herbert Spencer
7%
528 800 BC-700 BC Israel Religious Figure Isaiah
7%
816 1933-2019 Germany Fashion Designer Karl Lagerfeld
7%
643 1480-1519 Italy Nobility Lucrezia Borgia
7%
510 1887-1985 Belarus Painter Marc Chagall
7%
187 1717-1780 Austria Politician Maria Theresa
7%
247 630 BC-562 BC Iraq Politician Nebuchadnezzar II
7%
260 1918-1989 Romania Politician Nicolae Ceaușescu
7%
737 1928-- United States Linguist Noam Chomsky
7%
856 1927-1986 Sweden Politician Olof Palme
7%
301 1254-1327 Turkey Politician Osman I
7%
746 1604-1622 Turkey Politician Osman II
7%
561 1904-1973 Chile Writer Pablo Neruda
7%
479 1872-1944 Netherlands Painter Piet Mondrian
7%
324 1921-- Greece Nobility Prince Philip, Duke of Edinburgh
7%
282 1871-1919 Poland Social Activist Rosa Luxemburg
7%
268 1207-1273 Afghanistan Writer Rumi
7%
671 1118 BC-- Israel Religious Figure Samson
7%
475 9-79 Italy Politician Vespasian
7%
264 573-634 Saudi Arabia Religious Figure Abu Bakr
6%
881 1845-1894 Russia Politician Alexander III of Russia
6%
695 1777-1825 Russia Politician Alexander I of Russia
6%
951 1926-2014 Argentina Soccer Player Alfredo Di Stéfano
6%
434 1775-1836 France Physicist André-Marie Ampère
6%
977 1889-1970 Portugal Politician António de Oliveira Salazar
6%
606 1644-1737 Italy Designer Antonio Stradivari
6%
329 304 BC-232 BC India Politician Ashoka
6%
537 1905-1982 Russia Writer Ayn Rand
6%
230 1450-1500 Portugal Explorer Bartolomeu Dias
6%
907 1881-1945 Romania Composer Béla Bartók
6%
414 1898-1956 Germany Writer Bertolt Brecht
6%
780 1684-1727 Estonia Politician Catherine I of Russia
6%
992 1791-1871 United Kingdom Inventor Charles Babbage
6%
373 1821-1867 France Writer Charles Baudelaire
6%
900 1567-1643 Italy Composer Claudio Monteverdi
6%
461 466-511 Belgium Politician Clovis I
6%
994 600 BC-500 BC Iran Religious Figure Esther
6%
950 1942-2014 Mozambique Soccer Player Eusébio
6%
716 1927-2006 Hungary Soccer Player Ferenc Puskás
6%
379 129-215 Turkey Physician Galen
6%
922 1896-1974 Russia Politician Georgy Zhukov
6%
560 1832-1923 France Engineer Gustave Eiffel
6%
446 1941-- Japan Film Director Hayao Miyazaki
6%
541 1803-1869 France Composer Hector Berlioz
6%
614 1551-1589 France Politician Henry III of France
6%
192 535 BC-470 BC Turkey Philosopher Heraclitus
6%
578 1928-2020 Egypt Politician Hosni Mubarak
6%
598 1920-1992 Russia Writer Isaac Asimov
6%
602 1876-1916 United States Writer Jack London
6%
487 1766-1844 United Kingdom Chemist John Dalton
6%
776 15-70 Israel Religious Figure Jude the Apostle
6%
224 1887-1965 Switzerland Architect Le Corbusier
6%
929 1934-2016 Canada Musician Leonard Cohen
6%
451 1889-1951 Austria Philosopher Ludwig Wittgenstein
6%
597 1901-1992 Germany Actor Marlene Dietrich
6%
615 1740-1814 France Writer Marquis de Sade
6%
810 1839-1881 Russia Composer Modest Mussorgsky
6%
872 1844-1908 Russia Composer Nikolai Rimsky-Korsakov
6%
303 1525-1569 Netherlands Painter Pieter Bruegel the Elder
6%
404 46-127 Greece Philosopher Plutarch
6%
659 1874-1963 United States Writer Robert Frost
6%
599 1933-- France Film Director Roman Polanski
6%
773 1941-2006 Serbia Politician Slobodan Milošević
6%
619 490 BC-425 BC Italy Philosopher Zeno of Elea
6%
220 1400 BC-1336 BC Egypt Politician Akhenaten
5%
585 1884-1920 Italy Painter Amedeo Modigliani
5%
625 1632-1723 Netherlands Biologist Antonie van Leeuwenhoek
5%
924 1928-2014 Israel Politician Ariel Sharon
5%
516 1854-1891 France Writer Arthur Rimbaud
5%
720 1907-2002 Sweden Writer Astrid Lindgren
5%
495 100 BC-100 Israel Religious Figure Bartholomew the Apostle
5%
972 1830-1903 U.S. Virgin Islands Painter Camille Pissarro
5%
876 1835-1921 France Composer Camille Saint-Saëns
5%
893 1774-1840 Germany Painter Caspar David Friedrich
5%
660 1485-1536 Spain Companion Catherine of Aragon
5%
430 688-741 Belgium Military Personnel Charles Martel
5%
163 1500-1558 Belgium Politician Charles V, Holy Roman Emperor
5%
980 1932-2016 United States Actor Debbie Reynolds
5%
715 1763-1814 Martinique Companion Empress Joséphine
5%
330 1928-2020 Italy Composer Ennio Morricone
5%
228 1830-1916 Austria Politician Franz Joseph I of Austria
5%
903 1759-1794 France Politician Georges Danton
5%
427 1598-1680 Italy Architect Gian Lorenzo Bernini
5%
514 1594-1632 Sweden Politician Gustavus Adolphus of Sweden
5%
634 1850-1893 France Writer Guy de Maupassant
5%
754 1857-1894 Germany Physicist Heinrich Hertz
5%
436 1760-1849 Japan Artist Hokusai
5%
350 1304-1368 Morocco Explorer Ibn Battuta
5%
832 1818-1883 Russia Writer Ivan Turgenev
5%
629 1899-1986 Argentina Writer Jorge Luis Borges
5%
1000 331-363 Turkey Politician Julian
5%
779 1938-2018 Ghana Diplomat Kofi Annan
5%
504 1923-1977 United States Singer Maria Callas
5%
490 1868-1936 Russia Writer Maxim Gorky
5%
942 3074 BC-2105 BC - Religious Figure Methuselah
5%
482 1908-1974 Czechia Businessperson Oskar Schindler
5%
902 1879-1940 Switzerland Painter Paul Klee
5%
877 1947-- Brazil Writer Paulo Coelho
5%
162 1304-1374 Italy Writer Petrarch
5%
871 1165-1223 France Politician Philip II of France
5%
368 382 BC-336 BC Greece Politician Philip II of Macedon
5%
395 1268-1314 France Politician Philip IV of France
5%
955 1856-1951 France Politician Philippe Pétain
5%
895 1235-1303 Italy Religious Figure Pope Boniface VIII
5%
911 1394-1460 Portugal Explorer Prince Henry the Navigator
5%
460 1900-2002 United Kingdom Nobility Queen Elizabeth, the Queen Mother
5%
921 1627-1691 Ireland Chemist Robert Boyle
5%
312 1783-1842 France Writer Stendhal
5%
483 460 BC-397 BC Greece Historian Thucydides
5%
741 1518-1594 Italy Painter Tintoretto
5%
888 1936-2011 Czechia Writer Václav Havel
5%
509 525 BC-456 BC Greece Writer Aeschylus
4%
663 1933-- Japan Nobility Akihito
4%
710 1769-1859 Germany Geographer Alexander von Humboldt
4%
828 1869-1951 France Writer André Gide
4%
730 1593-1653 Italy Painter Artemisia Gentileschi
4%
846 329-379 Turkey Physician Basil of Caesarea
4%
593 1824-1884 Czechia Composer Bedřich Smetana
4%
788 155-220 China Military Personnel Cao Cao
4%
706 1685-1740 Austria Politician Charles VI, Holy Roman Emperor
4%
717 51-96 Italy Politician Domitian
4%
935 1890-1918 Austria Painter Egon Schiele
4%
792 1852-1912 Japan Politician Emperor Meiji
4%
839 1452-1516 Spain Politician Ferdinand II of Aragon
4%
975 1400-1455 Italy Painter Fra Angelico
4%
808 1685-1753 Ireland Philosopher George Berkeley
4%
970 1882-1963 France Painter Georges Braque
4%
732 1895-1952 United Kingdom Politician George VI of the United Kingdom
4%
486 1507 BC-1458 BC Egypt Politician Hatshepsut
4%
622 1478-1546 Greece Pirate Hayreddin Barbarossa
4%
258 65 BC-8 BC Italy Writer Horace
4%
238 1502-1558 Ukraine Politician Hurrem Sultan
4%
796 1819-1880 Germany Composer Jacques Offenbach
4%
428 1818-1889 United Kingdom Physicist James Prescott Joule
4%
811 1859-1952 United States Psychologist John Dewey
4%
670 1928-2015 United States Mathematician John Forbes Nash Jr.
4%
786 1938-- Italy Nobility Juan Carlos I of Spain
4%
736 1887-1968 France Artist Marcel Duchamp
4%
462 1870-1952 Italy Philosopher Maria Montessori
4%
423 1533-1592 France Philosopher Michel de Montaigne
4%
412 715-768 Belgium Politician Pepin the Short
4%
813 1459-1523 Netherlands Religious Figure Pope Adrian VI
4%
534 1861-1941 India Writer Rabindranath Tagore
4%
545 1843-1910 Germany Physician Robert Koch
4%
835 1858-1913 France Inventor Rudolf Diesel
4%
579 226-273 Italy Religious Figure Saint Valentine
4%
833 1935-- Saudi Arabia Politician Salman of Saudi Arabia
4%
302 1470-1520 Turkey Politician Selim I
4%
274 1524-1574 Turkey Politician Selim II
4%
680 145-211 Libya Politician Septimius Severus
4%
854 138 BC-78 BC Italy Politician Sulla
4%
569 54-120 France Historian Tacitus
4%
572 1766-1834 United Kingdom Economist Thomas Robert Malthus
4%
125 585-644 Saudi Arabia Politician Umar
4%
674 430 BC-354 BC Greece Historian Xenophon
4%
415 1387-1433 China Explorer Zheng He
4%
520 605-678 Saudi Arabia Companion Aisha
3%
785 1542-1605 Pakistan Politician Akbar
3%
878 1875-1965 France Physician Albert Schweitzer
3%
882 1918-2008 Russia Writer Aleksandr Solzhenitsyn
3%
768 610 BC-546 BC Turkey Philosopher Anaximander
3%
381 1798-1857 France Philosopher Auguste Comte
3%
267 1126-1198 Spain Philosopher Averroes
3%
837 1090-1153 France Religious Figure Bernard of Clairvaux
3%
604 188-217 France Politician Caracalla
3%
563 1853-1902 United Kingdom Businessperson Cecil Rhodes
3%
762 1920-1994 Germany Writer Charles Bukowski
3%
580 1628-1703 France Writer Charles Perrault
3%
689 1948-- United Kingdom Nobility Charles, Prince of Wales
3%
938 1682-1718 Sweden Politician Charles XII of Sweden
3%
761 1944-- United States Actor Danny DeVito
3%
701 1772-1823 United Kingdom Economist David Ricardo
3%
621 384 BC-322 BC Greece Politician Demosthenes
3%
845 1859-1938 Czechia Philosopher Edmund Husserl
3%
916 900 BC-790 BC - Religious Figure Elisha
3%
322 1858-1917 France Sociologist Émile Durkheim
3%
875 1908-1985 Albania Politician Enver Hoxha
3%
306 276 BC-194 BC Libya Geographer Eratosthenes
3%
821 1898-1970 Germany Writer Erich Maria Remarque
3%
719 1544-1560 France Politician Francis II of France
3%
705 1494-1553 France Writer François Rabelais
3%
266 1122-1190 France Politician Frederick I, Holy Roman Emperor
3%
713 1194-1250 Italy Politician Frederick II, Holy Roman Emperor
3%
960 157 BC-86 BC Italy Diplomat Gaius Marius
3%
757 1933-1983 Brazil Soccer Player Garrincha
3%
952 1762-1830 United Kingdom Politician George IV of the United Kingdom
3%
343 1725-1798 Italy Writer Giacomo Casanova
3%
760 1819-1877 France Painter Gustave Courbet
3%
558 1906-1975 Germany Philosopher Hannah Arendt
3%
838 1937-- Norway Politician Harald V of Norway
3%
767 1797-1856 Germany Writer Heinrich Heine
3%
584 250-330 Turkey Companion Helena
3%
748 1484-1531 Switzerland Religious Figure Huldrych Zwingli
3%
376 350-415 Egypt Mathematician Hypatia
3%
551 1780-1867 France Painter Jean-Auguste-Dominique Ingres
3%
429 1896-1980 Switzerland Psychologist Jean Piaget
3%
735 37-100 Israel Historian Josephus
3%
775 1922-2010 Portugal Writer José Saramago
3%
419 1891-1980 Germany Military Personnel Karl Dönitz
3%
523 1902-1994 Austria Philosopher Karl Popper
3%
946 1879-1935 Ukraine Painter Kazimir Malevich
3%
676 1773-1859 Germany Politician Klemens von Metternich
3%
642 1859-1952 Norway Writer Knut Hamsun
3%
467 1590-1651 Greece Politician Kösem Sultan
3%
574 59 BC-17 Italy Historian Livy
3%
889 1809-1852 France Inventor Louis Braille
3%
559 1940-- Denmark Nobility Margrethe II of Denmark
3%
367 10-74 Israel Religious Figure Matthew the Apostle
3%
636 1929-- Czechia Writer Milan Kundera
3%
647 1919-1980 Iran Politician Mohammad Reza Pahlavi
3%
223 780-850 Turkmenistan Mathematician Muhammad ibn Musa al-Khwarizmi
3%
603 1326-1389 Turkey Politician Murad I
3%
666 1404-1451 Turkey Politician Murad II
3%
416 1546-1595 Turkey Politician Murad III
3%
377 1612-1640 Turkey Politician Murad IV
3%
651 1591-1639 Turkey Politician Mustafa I
3%
974 1534-1582 Japan Military Personnel Oda Nobunaga
3%
914 1952-2009 United States Actor Patrick Swayze
3%
880 1844-1896 France Writer Paul Verlaine
3%
501 1601-1665 France Mathematician Pierre de Fermat
3%
866 1875-1926 Czechia Writer Rainer Maria Rilke
3%
661 1904-1942 Germany Politician Reinhard Heydrich
3%
499 1635-1703 United Kingdom Physicist Robert Hooke
3%
698 1945-- Philippines Politician Rodrigo Duterte
3%
923 1938-1982 Austria Actor Romy Schneider
3%
873 283-304 Italy Religious Figure Saint Lucy
3%
728 1844-1923 France Actor Sarah Bernhardt
3%
823 1858-1940 Sweden Writer Selma Lagerlöf
3%
455 1881-1942 Austria Writer Stefan Zweig
3%
279 340-395 Spain Politician Theodosius I
3%
435 574-656 Saudi Arabia Politician Uthman
3%
734 1920-1985 Russia Actor Yul Brynner
3%
589 1842-1918 Turkey Politician Abdul Hamid II
2%
635 1908-1970 United States Psychologist Abraham Maslow
2%
653 1870-1937 Austria Psychologist Alfred Adler
2%
406 1058-1111 Iran Philosopher Al-Ghazali
2%
527 1403 BC-1350 BC Egypt Politician Amenhotep III
2%
450 1942-- India Actor Amitabh Bachchan
2%
981 1508-1580 Italy Architect Andrea Palladio
2%
471 1911-1996 North Macedonia Occultist Baba Vanga
2%
964 1483-1530 Uzbekistan Politician Babur
2%
555 1354-1403 Turkey Politician Bayezid I
2%
573 1447-1512 Turkey Politician Bayezid II
2%
939 1938-- Netherlands Politician Beatrix of the Netherlands
2%
596 1826-1866 Germany Mathematician Bernhard Riemann
2%
131 1962-- Spain Politician Carles Puigdemont
2%
827 1887-1922 Austria Politician Charles I of Austria
2%
612 1629-1695 Netherlands Physicist Christiaan Huygens
2%
842 1626-1689 Sweden Politician Christina, Queen of Sweden
2%
807 1714-1787 Germany Composer Christoph Willibald Gluck
2%
990 203-222 Syria Politician Elagabalus
2%
529 1560-1614 Hungary Extremist Elizabeth Báthory
2%
803 1835-1908 China Politician Empress Dowager Cixi
2%
281 1837-1898 Germany Companion Empress Elisabeth of Austria
2%
853 1887-1973 Germany Military Personnel Erich von Manstein
2%
664 604-632 Saudi Arabia Companion Fatimah
2%
531 1503-1564 Spain Politician Ferdinand I, Holy Roman Emperor
2%
897 1578-1637 Austria Politician Ferdinand II, Holy Roman Emperor
2%
667 1377-1446 Italy Architect Filippo Brunelleschi
2%
909 1431-1463 France Writer François Villon
2%
968 1890-1957 Germany Military Personnel Friedrich Paulus
2%
978 1775-1854 Germany Philosopher Friedrich Wilhelm Joseph Schelling
2%
860 1452-1498 Italy Religious Figure Girolamo Savonarola
2%
941 1016-1040 United Kingdom Nobility Harold Harefoot
2%
727 766-809 Iran Politician Harun al-Rashid
2%
809 1888-1954 Poland Military Personnel Heinz Guderian
2%
552 1852-1908 France Physicist Henri Becquerel
2%
539 800 BC-700 BC Turkey Writer Hesiod
2%
325 1332-1406 Tunisia Historian Ibn Khaldun
2%
702 1615-1648 Turkey Politician Ibrahim of the Ottoman Empire
2%
468 1491-1556 Spain Religious Figure Ignatius of Loyola
2%
982 1926-2018 Sweden Businessperson Ingvar Kamprad
2%
995 1487-1524 Iran Writer Ismail I
2%
722 1744-1829 France Biologist Jean-Baptiste Lamarck
2%
985 1632-1687 Italy Composer Jean-Baptiste Lully
2%
999 1717-1783 France Mathematician Jean le Rond d'Alembert
2%
583 345-420 Serbia Religious Figure Jerome
2%
797 1762-1814 Germany Philosopher Johann Gottlieb Fichte
2%
915 1768-1830 France Mathematician Joseph Fourier
2%
723 592-642 Saudi Arabia Military Personnel Khalid ibn al-Walid
2%
840 1640-1705 Austria Politician Leopold I, Holy Roman Emperor
2%
825 1747-1792 Austria Politician Leopold II, Holy Roman Emperor
2%
940 1721-1764 France Companion Madame de Pompadour
2%
755 1138-1204 Spain Religious Figure Maimonides
2%
943 1900-1945 Germany Politician Martin Bormann
2%
524 1644-1694 Japan Writer Matsuo Bashō
2%
699 1814-1876 Russia Philosopher Mikhail Bakunin
2%
214 1048-1131 Iran Mathematician Omar Khayyam
2%
458 912-973 Germany Politician Otto I, Holy Roman Emperor
2%
639 3345 BC-3255 BC Italy Celebrity Ötzi
2%
394 1493-1541 Switzerland Physician Paracelsus
2%
898 1493-1536 Greece Politician Pargalı Ibrahim Pasha
2%
481 501 BC-470 BC Italy Philosopher Parmenides
2%
883 1754-1801 Russia Politician Paul I of Russia
2%
478 490 BC-430 BC Greece Sculptor Phidias
2%
687 1749-1827 France Mathematician Pierre-Simon Laplace
2%
556 486 BC-420 BC Greece Philosopher Protagoras
2%
712 1906-1967 China Politician Puyi
2%
906 318 BC-272 BC Greece Military Personnel Pyrrhus of Epirus
2%
121 850-801 United Kingdom Nobility Ragnar Lodbrok
2%
685 300-306 Lebanon Religious Figure Saint Barbara
2%
979 1170-1221 Spain Religious Figure Saint Dominic
2%
862 14-100 Israel Religious Figure Salome
2%
540 1405-1468 Albania Politician Skanderbeg
2%
847 1887-1920 India Mathematician Srinivasa Ramanujan
2%
549 64 BC-23 Turkey Geographer Strabo
2%
958 1515-1582 Spain Religious Figure Teresa of Ávila
2%
557 524 BC-459 BC Greece Military Personnel Themistocles
2%
781 1860-1904 Hungary Writer Theodor Herzl
2%
806 1481 BC-1425 BC - Politician Thutmose III
2%
944 1882-1946 Germany Military Personnel Wilhelm Keitel
2%
620 973-1048 Uzbekistan Mathematician Al-Biruni
1%
511 872-951 Kazakhstan Philosopher Al-Farabi
1%
887 1514-1564 Belgium Physician Andreas Vesalius
1%
473 1195-1231 Portugal Religious Figure Anthony of Padua
1%
927 1891-1937 Italy Philosopher Antonio Gramsci
1%
843 256-336 Libya Philosopher Arius
1%
690 800-876 Denmark Politician Björn Ironside
1%
819 287-305 Egypt Religious Figure Catherine of Alexandria
1%
949 565 BC-492 BC Greece Politician Cleisthenes
1%
739 490 BC-430 BC Italy Philosopher Empedocles
1%
675 1900-1980 Germany Psychologist Erich Fromm
1%
542 1608-1647 Italy Physicist Evangelista Torricelli
1%
718 1857-1913 Switzerland Linguist Ferdinand de Saussure
1%
901 1708-1765 France Politician Francis I, Holy Roman Emperor
1%
628 1511-1574 Italy Writer Giorgio Vasari
1%
522 1520-1594 France Composer Giovanni Pierluigi da Palestrina
1%
738 1777-1851 Denmark Physicist Hans Christian Ørsted
1%
441 850-933 Norway Politician Harald Fairhair
1%
886 1822-1890 Germany Archaeologist Heinrich Schliemann
1%
576 1859-1941 France Philosopher Henri Bergson
1%
480 1828-1910 Switzerland Social Activist Henry Dunant
1%
740 575-641 Turkey Politician Heraclius
1%
648 1098-1179 Germany Religious Figure Hildegard of Bingen
1%
169 1899-1982 China Politician Huang Xianfan
1%
753 1583-1645 Netherlands Lawyer Hugo Grotius
1%
851 965-1039 Iraq Physicist Ibn al-Haytham
1%
466 1818-1865 Hungary Physician Ignaz Semmelweis
1%
380 900-873 Denmark Politician Ivar the Boneless
1%
953 1901-1981 France Psychologist Jacques Lacan
1%
641 1479-1555 Spain Politician Joanna of Castile
1%
752 349-407 Turkey Religious Figure John Chrysostom
1%
453 1741-1790 Austria Politician Joseph II, Holy Roman Emperor
1%
963 1929-- Germany Philosopher Jürgen Habermas
1%
925 1883-1969 Germany Philosopher Karl Jaspers
1%
714 1773-1850 France Politician Louis Philippe I
1%
591 778-840 France Politician Louis the Pious
1%
708 94 BC-55 BC Italy Philosopher Lucretius
1%
818 1804-1872 Germany Philosopher Ludwig Feuerbach
1%
849 1785-1839 Turkey Politician Mahmud II
1%
711 1401-1428 Italy Painter Masaccio
1%
971 1443-1490 Romania Politician Matthias Corvinus
1%
817 1862-1949 Belgium Writer Maurice Maeterlinck
1%
544 1459-1519 Austria Politician Maximilian I, Holy Roman Emperor
1%
494 1490-1588 Turkey Architect Mimar Sinan
1%
864 1584-1645 Japan Writer Miyamoto Musashi
1%
747 603-680 Saudi Arabia Politician Muawiyah I
1%
630 810-870 Uzbekistan Religious Figure Muhammad al-Bukhari
1%
913 1330-1425 France Writer Nicolas Flamel
1%
777 1594-1665 France Painter Nicolas Poussin
1%
769 433-493 Serbia Politician Odoacer
1%
910 900-912 Sweden Politician Oleg of Novgorod
1%
498 185-254 Egypt Philosopher Origen
1%
774 1079-1142 France Philosopher Peter Abelard
1%
793 5-80 Israel Religious Figure Philip the Apostle
1%
986 1930-2002 France Sociologist Pierre Bourdieu
1%
454 1863-1937 France Businessperson Pierre de Coubertin
1%
616 203-270 Egypt Philosopher Plotinus
1%
894 1663-1736 France Military Personnel Prince Eugene of Savoy
1%
338 1931-1990 India Occultist Rajneesh
1%
912 1836-1886 India Philosopher Ramakrishna
1%
683 846-930 Norway Nobility Rollo
1%
608 1866-1944 France Writer Romain Rolland
1%
515 460-527 Italy Religious Figure Romulus Augustulus
1%
829 1861-1925 Croatia Philosopher Rudolf Steiner
1%
530 145 BC-86 BC China Historian Sima Qian
1%
830 1-107 Israel Religious Figure Simon the Zealot
1%
525 75 BC-15 BC Italy Architect Vitruvius
1%
933 1285-1347 United Kingdom Philosopher William of Ockham
1%
688 698-767 Iraq Religious Figure Abu Hanifa
0%
961 1435-1488 Italy Painter Andrea del Verrocchio
0%
822 1931-2015 India Politician A. P. J. Abdul Kalam
0%
976 1857-1933 Germany Politician Clara Zetkin
0%
655 1526-1593 Italy Painter Giuseppe Arcimboldo
0%
885 1060-1100 France Politician Godfrey of Bouillon
0%
996 1746-1827 Switzerland Social Activist Johann Heinrich Pestalozzi
0%
679 1592-1670 Czechia Philosopher John Amos Comenius
0%
725 556-619 Saudi Arabia Companion Khadija bint Khuwaylid
0%
954 1896-1934 Belarus Psychologist Lev Vygotsky
0%
750 1859-1917 Poland Physician L. L. Zamenhof
0%
834 600 BC-495 BC Italy Politician Lucius Tarquinius Superbus
0%
852 1791-1847 Austria Companion Marie Louise, Duchess of Parma
0%
657 1848-1917 France Writer Octave Mirbeau
0%
No matching quizzes found
Score Distribution
Percent of People with Each Score
Percentile by Number Answered
Your Score History
You have not taken this quiz